[Event "Women's Speed Chess Q3"]
[Site "chess.com INT"]
[Date "2021.05.30"]
[Round "9"]
[White "Berend, Elvira"]
[Black "Nandhidhaa, P V"]
[Result "1/2-1/2"]
[WhiteTitle "WGM"]
[BlackTitle "WGM"]
[WhiteElo "2326"]
[BlackElo "2365"]
[WhiteFideId "4000510"]
[BlackFideId "5050847"]
[EventDate "2021.05.30"]

1. e4 c5 2. Nf3 e6 3. d4 cxd4 4. Nxd4 a6 5. Nc3 b5 6. a3 Bb7 7. Bd3 d6 8. O-O
Nf6 9. Qe2 Be7 10. Be3 O-O 11. f4 Qc7 12. Rf3 Nc6 13. Rh3 Nxd4 14. Bxd4 e5 15.
Be3 exf4 16. Bxf4 g6 17. Rf1 Nd7 18. Bh6 Rfe8 19. Qg4 Ne5 20. Qf4 Bc8 21. Rg3
Be6 22. Nd5 Bxd5 23. exd5 Bf8 24. Rh3 Qe7 25. Bg5 Qa7+ 26. Kh1 Bg7 27. Bf6 Bxf6
28. Qxf6 Qe7 29. Qf4 Nxd3 30. cxd3 f5 31. Qh6 Qf7 32. Qf4 Re5 33. d4 Rxd5 34.
Rc1 Re8 35. Rhc3 Re4 36. Qh6 Rdxd4 37. Rc8+ Re8 38. h3 Re4 39. R1c7 Qf6 40.
Rxe8+ Rxe8 41. Qxh7+ Kf8 42. Qh6+ Kg8 43. Qh7+ Kf8 44. Qh6+ Kg8 45. Qh7+ 1/2-1/2

[Event "Women's Speed Chess Q3"]
[Site "chess.com INT"]
[Date "2021.05.30"]
[Round "9"]
[White "Vantika, Agrawal"]
[Black "Dauletova, Gulmira"]
[Result "1-0"]
[WhiteTitle "WIM"]
[BlackTitle "WGM"]
[WhiteElo "2286"]
[BlackElo "2285"]
[WhiteFideId "25050389"]
[BlackFideId "13702971"]
[EventDate "2021.05.30"]

1. Nf3 d5 2. g3 c6 3. Bg2 Bg4 4. c4 Bxf3 5. Bxf3 dxc4 6. b3 cxb3 7. axb3 Nf6 8.
O-O e6 9. d4 Be7 10. Bb2 O-O 11. Nd2 Nbd7 12. Nc4 Nb6 13. Ne5 Nbd5 14. e4 Nb4
15. Bg2 a5 16. Qe2 Qc7 17. Rfc1 Rfd8 18. h4 Qb6 19. Nc4 Qc7 20. h5 b5 21. Ne5
Qb6 22. h6 g6 23. Qf3 c5 24. dxc5 Qc7 25. c6 a4 26. bxa4 bxa4 27. Nxf7 Kxf7 28.
e5 Nd5 29. exf6 Bxf6 30. Bxf6 Nxf6 31. Qe2 a3 32. Re1 Rd6 33. Qa2 Ra7 34. Rab1
Nd5 35. Bxd5 Rxd5 36. Rb7 Rxb7 37. cxb7 Qxb7 38. Qxa3 Qd7 39. Qa8 Rh5 40. Qf3+
Kg8 41. Qf6 Rxh6 42. Ra1 1-0

[Event "Women's Speed Chess Q3"]
[Site "chess.com INT"]
[Date "2021.05.30"]
[Round "9"]
[White "Enkhtuul, Altan-Ulzii"]
[Black "Zhuravleva, Olga"]
[Result "0-1"]
[WhiteTitle "WGM"]
[BlackTitle "WIM"]
[WhiteElo "2228"]
[BlackElo "2278"]
[WhiteFideId "4901444"]
[BlackFideId "4145933"]
[EventDate "2021.05.30"]

1. d4 g6 2. Nc3 Bg7 3. e4 d6 4. Be3 Nd7 5. Qd2 c6 6. h4 Ngf6 7. f3 b5 8. g4 h6
9. h5 g5 10. O-O-O Qa5 11. Kb1 Nb6 12. e5 Nfd5 13. Nxd5 Qxd2 14. Bxd2 Nxd5 15.
exd6 exd6 16. Bd3 Bxd4 17. Ne2 Bg7 18. Rhe1 O-O 19. Ng3 Bd7 20. Bf5 Bxf5 21.
Nxf5 Rad8 22. Ba5 Rd7 23. c3 Kh7 24. Kc2 Be5 25. b3 f6 26. c4 bxc4 27. bxc4 Nf4
28. Bc3 Rfd8 29. Bxe5 dxe5 30. Rxd7+ Rxd7 31. Rd1 Rxd1 32. Kxd1 Nd3 33. Ne7 c5
34. Kc2 Nb4+ 35. Kb3 Kg7 36. Nf5+ Kh7 37. Nd6 Nc6 38. Ne4 Nd4+ 39. Kc3 Nxf3 40.
Nxc5 Nh2 41. Nd7 Nxg4 42. c5 Ne3 43. Nxf6+ Kg7 44. Ne4 Kf7 45. Nd6+ Ke6 0-1

[Event "Women's Speed Chess Q3"]
[Site "chess.com INT"]
[Date "2021.05.30"]
[Round "9"]
[White "Varney, Zoe"]
[Black "Von Herman, Brigitte"]
[Result "1/2-1/2"]
[WhiteTitle "WCM"]
[BlackTitle "WFM"]
[WhiteElo "1917"]
[BlackElo "1991"]
[WhiteFideId "436135"]
[BlackFideId "4628730"]
[EventDate "2021.05.30"]

1. e4 e5 2. Nf3 Nc6 3. Bc4 Nf6 4. Ng5 d5 5. exd5 Na5 6. Bb5+ c6 7. dxc6 bxc6 8.
Bd3 Nd5 9. Nf3 Bd6 10. O-O O-O 11. Re1 f5 12. Bf1 Qf6 13. d3 Nb7 14. Nc3 h6 15.
d4 e4 16. Ne5 Bxe5 17. dxe5 Qxe5 18. Bc4 Be6 19. Be3 Nd6 20. Bd4 Qf4 21. g3 Qg5
22. h4 Qg6 23. Bc5 Nxc4 24. Nxd5 Bxd5 25. Bxf8 Rxf8 26. b3 Nb6 27. c4 Be6 28.
Qc2 f4 29. Rad1 fxg3 30. fxg3 Qxg3+ 31. Qg2 Qxh4 32. Rxe4 Qh5 33. Rde1 Bf5 34.
Re7 Rf7 35. Re8+ Kh7 36. R8e3 Nd7 37. Rg3 Nf6 38. Rf1 Ne4 39. Rgf3 Ng5 40. Rg3
Bh3 41. Qc2+ Kh8 42. Rxf7 Nxf7 43. Qd3 Bf5 44. Qe3 Qd1+ 45. Kh2 Ng5 46. Qe8+ Kh7
47. Qe3 Bg6 48. Rxg5 hxg5 49. Qxg5 Kg8 50. Qxg6 Qd2+ 51. Kh3 Qxa2 52. Qe8+ Kh7
53. Qh5+ Kg8 54. Qe8+ Kh7 55. Qh5+ Kg8 56. Qe8+ 1/2-1/2

[Event "Women's Speed Chess Q3"]
[Site "chess.com INT"]
[Date "2021.05.30"]
[Round "9"]
[White "Purtseladze, Maka"]
[Black "Pourkashiyan, Atousa"]
[Result "1-0"]
[WhiteTitle "IM"]
[BlackTitle "WGM"]
[WhiteElo "2274"]
[BlackElo "2322"]
[WhiteFideId "13602659"]
[BlackFideId "12502014"]
[EventDate "2021.05.30"]

1. b3 e5 2. Bb2 Nc6 3. e3 Nf6 4. Bb5 d6 5. Nf3 Be7 6. d4 exd4 7. exd4 d5 8. h3
O-O 9. O-O Bd6 10. a3 Ne4 11. Nbd2 f5 12. c4 Ne7 13. c5 Bf4 14. g3 Bh6 15. Ne5
Nxd2 16. f4 Ne4 17. Kg2 Ng6 18. Be2 Nxe5 19. dxe5 Be6 20. Bd4 c6 21. b4 g6 22.
h4 Bg7 23. Rh1 Rc8 24. Rc1 Rf7 25. a4 b6 26. Ba6 Rb8 27. cxb6 Rxb6 28. Bxb6 Qxb6
29. Bd3 Qe3 30. Bxe4 Qxe4+ 31. Qf3 Qxf3+ 32. Kxf3 Bd7 33. Rhd1 Bf8 34. b5 c5 35.
Rxd5 Bc8 36. Rd8 Bb7+ 37. Ke3 Rc7 38. Rcd1 c4 39. R1d7 Rxd7 40. Rxd7 Be4 41. Rc7
Bc2 42. e6 Bxa4 43. e7 Bxe7 44. Rxe7 Bxb5 45. Rxa7 Bc6 46. Rc7 Bd5 47. Kd4 Bf7
48. Ke5 Kg7 49. Rc8 h6 50. Rc7 g5 51. hxg5 hxg5 52. Kxf5 gxf4 53. gxf4 Kf8 54.
Kf6 Be8 55. Rc8 c3 56. Rxc3 Bb5 57. Rc8+ Be8 58. f5 Kg8 59. Rxe8+ Kh7 60. Re7+
Kh6 61. Re8 Kh7 62. Rd8 Kh6 63. Rh8# 1-0

[Event "Women's Speed Chess Q3"]
[Site "chess.com INT"]
[Date "2021.05.30"]
[Round "9"]
[White "Bodnaruk, Anastasia"]
[Black "Gaponenko, Inna"]
[Result "1-0"]
[WhiteTitle "IM"]
[BlackTitle "IM"]
[WhiteElo "2457"]
[BlackElo "2357"]
[WhiteFideId "4181751"]
[BlackFideId "14101181"]
[EventDate "2021.05.30"]

1. e4 g6 2. d4 Bg7 3. Nc3 d6 4. f4 a6 5. Nf3 b5 6. Bd3 Bb7 7. Be3 Nd7 8. O-O c5
9. dxc5 Nxc5 10. Qe2 Nxd3 11. cxd3 Nf6 12. Rac1 O-O 13. Kh1 Rc8 14. Bd4 Qa5 15.
a3 b4 16. axb4 Qxb4 17. Qd2 Rfe8 18. Bxf6 Bxf6 19. Nd5 Qxb2 20. Rxc8 Bxc8 21.
Qxb2 Bxb2 22. Rb1 Ba3 23. Nc7 Rd8 24. Rb8 Kg7 25. Nd4 Bc5 26. Nc6 Rh8 27. Nxe7
Bd7 28. Rb7 a5 29. Rb1 a4 30. Ned5 a3 31. Ra1 Ba4 32. h3 Rb8 33. Nc3 Bb3 34.
N7b5 a2 35. Kh2 Ra8 36. Kg3 Ba3 37. Nxa3 Rxa3 38. Ne2 Bc2 39. Nc1 Bb1 40. Kf2
Rc3 41. Ne2 Rxd3 42. e5 dxe5 43. fxe5 Rd2 44. Ke3 Rb2 45. g4 Rb4 46. Nc3 Rb3 47.
Kd4 Rb2 48. h4 Rb4+ 49. Kc5 Rb3 50. Nxa2 Ra3 51. Rxb1 Rxa2 52. Rb4 Rg2 53. Kd5 1-0

[Event "Women's Speed Chess Q3"]
[Site "chess.com INT"]
[Date "2021.05.30"]
[Round "9"]
[White "Dwilewicz, Katarzyna"]
[Black "Doluhanova, Evgeniya"]
[Result "1/2-1/2"]
[WhiteTitle "WFM"]
[BlackTitle "WGM"]
[WhiteElo "2092"]
[BlackElo "2207"]
[WhiteFideId "1148486"]
[BlackFideId "14112035"]
[EventDate "2021.05.30"]

1. e4 e5 2. Nf3 Nc6 3. Nc3 Nf6 4. d4 exd4 5. Nxd4 Bb4 6. Nxc6 bxc6 7. Bd3 d5 8.
exd5 cxd5 9. O-O O-O 10. Bg5 c6 11. Qf3 Rb8 12. Qg3 Bd6 13. Qh4 h6 14. Bxf6 Qxf6
15. Qxf6 gxf6 16. Rab1 Be5 17. Nd1 Bg4 18. f3 Be6 19. b3 c5 20. Ne3 Bd4 21. Kf2
c4 22. bxc4 dxc4 23. Be4 f5 24. c3 Bc5 25. Bc2 f4 26. Ke2 Bxe3 27. g3 Kg7 28.
gxf4 Bxf4 29. Be4 Kf6 30. Rg1 Rxb1 31. Rxb1 Rb8 32. Rg1 Rb2+ 33. Kd1 Rxa2 34.
Rg8 Ra1+ 35. Ke2 a5 36. Ra8 a4 37. h4 a3 38. h5 a2 39. Bc2 Be5 40. Kd2 Bd5 41.
Ra6+ Kg5 42. f4+ Bxf4+ 43. Ke2 Rh1 44. Rxa2 Rh2+ 45. Kd1 f5 46. Ra7 Bf3+ 47. Ke1
Rxc2 48. Rg7+ Kxh5 49. Rg5+ Bxg5 50. Kf1 Rxc3 51. Kf2 Rd3 52. Kg1 Be3+ 53. Kh2
Rd2+ 54. Kg3 Bg4 1/2-1/2

[Event "Women's Speed Chess Q3"]
[Site "chess.com INT"]
[Date "2021.05.30"]
[Round "9"]
[White "Priyanka, K"]
[Black "Mohota, Nisha"]
[Result "1-0"]
[WhiteTitle "WIM"]
[BlackTitle "IM"]
[WhiteElo "2218"]
[BlackElo "2195"]
[WhiteFideId "5082986"]
[BlackFideId "5004330"]
[EventDate "2021.05.30"]

1. e4 Nf6 2. e5 Nd5 3. d4 d6 4. c4 Nb6 5. exd6 cxd6 6. Nc3 g6 7. Be3 Bg7 8. Rc1
O-O 9. b3 Bf5 10. Nf3 d5 11. Be2 Nc6 12. O-O Bg4 13. c5 Bxf3 14. Bxf3 Nc8 15.
Bxd5 e6 16. Bf3 Nxd4 17. Bxb7 Rb8 18. Bxc8 Rxc8 19. b4 a5 20. a3 axb4 21. axb4
Nf5 22. Qe2 Nxe3 23. Qxe3 Qh4 24. Rb1 Rfd8 25. Ne4 Bd4 26. Qf3 f5 27. Nd6 Rc7
28. g3 Qh6 29. Nb5 Rcd7 30. c6 Rd5 31. Nxd4 Rxd4 32. c7 Rc8 33. Qb7 Qf8 34. b5
Rc4 35. b6 e5 36. Rfd1 e4 37. Qd5+ Qf7 38. Qxf7+ Kxf7 39. b7 R4xc7 40. bxc8=Q
Rxc8 41. Rbc1 Rxc1 42. Rxc1 Kf6 43. Kf1 Kg5 44. Ke2 Kg4 45. Ke3 Kh3 46. Rc7 Kxh2
47. Rxh7+ Kg2 48. Rg7 g5 49. Rxg5 Kf1 50. Rxf5 Kg2 51. Kxe4 Kg1 52. g4 Kg2 53.
g5 Kf1 54. g6 Ke2 55. g7 Kd2 56. g8=Q Kc2 57. Qc4+ Kb2 58. Rb5+ Ka1 59. Qa4# 1-0

[Event "Women's Speed Chess Q3"]
[Site "chess.com INT"]
[Date "2021.05.30"]
[Round "9"]
[White "Nomin-Erdene, Davaademberel"]
[Black "Shuvalova, Polina"]
[Result "0-1"]
[WhiteTitle "IM"]
[BlackTitle "IM"]
[WhiteElo "2382"]
[BlackElo "2484"]
[WhiteFideId "4900782"]
[BlackFideId "24171760"]
[EventDate "2021.05.30"]

1. f4 d5 2. Nf3 c5 3. g3 Nc6 4. Bg2 g6 5. O-O Bg7 6. d3 Nf6 7. c3 O-O 8. Na3 Bg4
9. Ne5 Qc8 10. Nxg4 Qxg4 11. e4 Qxd1 12. Rxd1 e6 13. Be3 b6 14. h3 Rac8 15. e5
Nd7 16. c4 d4 17. Bf2 a6 18. Nc2 f6 19. exf6 Bxf6 20. Re1 Rfe8 21. Rab1 a5 22.
a3 a4 23. b3 axb3 24. Rxb3 Kg7 25. h4 e5 26. fxe5 Ndxe5 27. Be4 Re7 28. Rxb6
Rcc7 29. Kg2 h5 30. Bxc6 Nxc6 31. Rxc6 Rxc6 32. Rb1 Re2 33. Ne1 Ra6 34. Kf1 Rd2
35. Rb3 Be5 36. Nf3 Rxf2+ 37. Kxf2 Bd6 38. Nd2 Kf7 39. Ne4 Ke6 40. Kf3 Be7 41.
Ke2 Kf5 42. Kf3 Ke5 43. g4 hxg4+ 44. Kxg4 Bf8 45. Rb8 Be7 46. Re8 Ke6 47. Ng5+
Kd7 48. Rb8 Rxa3 49. Rb7+ Ke8 50. Ne6 Rxd3 51. Ng7+ Kd8 52. Rb8+ Kc7 53. Rb5 Bd6
54. Ne6+ Kc6 55. Nf4 Rc3 56. Nxg6 Rxc4 57. h5 d3+ 58. Kg5 Kxb5 59. h6 Rc1 60. h7
Rg1+ 61. Kh6 Rh1+ 62. Kg7 Rxh7+ 63. Kxh7 d2 64. Kh6 d1=Q 65. Kh7 c4 66. Kg7 c3
67. Kf7 c2 68. Kg7 c1=Q 0-1

[Event "Women's Speed Chess Q3"]
[Site "chess.com INT"]
[Date "2021.05.30"]
[Round "9"]
[White "Balabayeva, Xeniya"]
[Black "Socko, Monika"]
[Result "1-0"]
[WhiteTitle "WFM"]
[BlackTitle "GM"]
[WhiteElo "2178"]
[BlackElo "2421"]
[WhiteFideId "13719688"]
[BlackFideId "1106619"]
[EventDate "2021.05.30"]

1. e4 e6 2. d4 d5 3. Nd2 c5 4. exd5 Qxd5 5. Ngf3 cxd4 6. Bc4 Qd7 7. O-O Nc6 8.
Nb3 a6 9. Nbxd4 Nxd4 10. Nxd4 Qc7 11. Bd3 Nf6 12. c3 Bd6 13. h3 O-O 14. Qf3 Rb8
15. Bg5 Be5 16. Rae1 b5 17. Qe3 Nd7 18. Qe4 f5 19. Qe3 Bxd4 20. Qxe6+ Kh8 21.
cxd4 Nc5 22. Qe2 Nxd3 23. Qxd3 Bb7 24. Re5 Qc6 25. d5 Qg6 26. Bf4 Rbd8 27. Qf3
Rd7 28. Rd1 h6 29. Re6 Qf7 30. Be5 Bxd5 31. Rxh6+ Kg8 32. Qg3 Qe8 33. Rg6 Rff7
34. Rxd5 Rxd5 35. Rxg7+ Kf8 36. Bd6+ Rxd6 37. Rg8+ Ke7 38. Rxe8+ Kxe8 39. Qxd6
Rd7 40. Qe6+ Re7 41. Qxf5 Re1+ 42. Kh2 Re7 43. Qc8+ Kf7 44. h4 Kf6 45. Qf8+ Rf7
46. Qxf7+ Kxf7 47. g4 Kg6 48. Kg3 b4 49. f4 a5 50. b3 Kf6 51. g5+ Kf5 52. h5 Ke6
53. h6 Kf7 54. Kg4 Kg6 55. h7 Kxh7 56. Kf5 Kg7 57. Ke6 Kg6 58. f5+ Kg7 59. Ke7
Kg8 60. f6 a4 61. f7+ Kh7 62. f8=Q axb3 63. Qf7+ Kh8 64. g6 bxa2 65. Qh7# 1-0

[Event "Women's Speed Chess Q3"]
[Site "chess.com INT"]
[Date "2021.05.30"]
[Round "9"]
[White "Sliwicka, Alicja"]
[Black "Koridze, Lile"]
[Result "1-0"]
[WhiteTitle "WIM"]
[BlackTitle "WFM"]
[WhiteElo "2346"]
[BlackElo "2016"]
[WhiteFideId "1150677"]
[BlackFideId "13612514"]
[EventDate "2021.05.30"]

1. e4 c5 2. Nf3 d6 3. d4 cxd4 4. Nxd4 Nf6 5. Nc3 Nc6 6. Bg5 e6 7. Bb5 Bd7 8.
Bxc6 bxc6 9. Qf3 Be7 10. O-O-O Qc7 11. Nb3 O-O 12. e5 dxe5 13. Bxf6 Bxf6 14. Nc5
Rfd8 15. h4 Be8 16. N3e4 Be7 17. h5 h6 18. g4 Rd5 19. Nb3 Rad8 20. Rde1 c5 21.
Reg1 Bc6 22. g5 Bxg5+ 23. Nxg5 Rd1+ 24. Qxd1 Rxd1+ 25. Rxd1 Bxh1 26. Nxe6 fxe6
27. Rxh1 Qf7 28. Rf1 Qf4+ 29. Kd1 c4 30. Nd2 Qd4 31. f3 Qh4 32. Re1 Qxh5 33.
Nxc4 Qxf3+ 34. Re2 Qd5+ 35. Nd2 Qxa2 36. Rxe5 Qxb2 37. Rxe6 Qa1+ 38. Ke2 Qa5 39.
Re3 Kf7 40. c4 Qa6 41. Kd3 Kf6 42. Ne4+ Kf5 43. Rf3+ Kg4 44. Rg3+ Kf4 45. Rg2
Qa3+ 46. Kd4 Qe7 47. Rf2+ Kg4 48. c5 Qd8+ 49. Nd6 Qd7 50. Kd5 h5 51. c6 Qd8 52.
Rf7 Qa5+ 53. Ke6 Qa2+ 54. Kd7 Qe2 55. c7 Qd2 56. c8=Q Qg5 57. Kc7+ Kg3 58. Qe6
Qc1+ 59. Kd7 Qg5 60. Ne4+ Kh4 61. Nxg5 Kxg5 62. Rxg7+ Kh4 63. Qg6 Kh3 64. Qg3# 1-0

[Event "Women's Speed Chess Q3"]
[Site "chess.com INT"]
[Date "2021.05.30"]
[Round "9"]
[White "Tanishka, Kotia"]
[Black "Swati, Mohota"]
[Result "1-0"]
[WhiteTitle "WFM"]
[BlackTitle "WFM"]
[WhiteElo "1849"]
[BlackElo "2027"]
[WhiteFideId "25005600"]
[BlackFideId "5006511"]
[EventDate "2021.05.30"]

1. d4 Nf6 2. Bf4 d5 3. e3 e6 4. Bd3 Bd6 5. Bg3 c5 6. c3 Nc6 7. Nf3 O-O 8. O-O
Bxg3 9. hxg3 cxd4 10. cxd4 b6 11. Nbd2 Bb7 12. Rc1 Rc8 13. a3 Qd6 14. Nh2 Na5
15. Ng4 Nxg4 16. Qxg4 Rxc1 17. Rxc1 Rc8 18. Rxc8+ Bxc8 19. Qg5 f6 20. Qh5 f5 21.
g4 g6 22. Qh4 Kg7 23. gxf5 exf5 24. Nf3 h6 25. Ne5 Qf6 26. Qg3 Bb7 27. Nd7 Qe7
28. Ne5 Qf6 29. Qf3 Nc6 30. Qxd5 Nxe5 31. Qxe5 Qxe5 32. dxe5 Kf7 33. Bc4+ Ke7
34. f4 g5 35. g3 Be4 36. Kf2 g4 37. Ke2 h5 38. Kd2 Kd7 39. Bf7 Ke7 40. Bxh5 Ke6
41. Bg6 b5 42. Kc3 a5 43. Kd4 b4 44. axb4 axb4 45. Kc4 b3 46. Kxb3 Bd5+ 47. Kc3
Be4 48. Kd4 Bb7 49. Kc5 Be4 50. b4 Kd7 51. Bf7 Ke7 52. Bd5 Bc2 53. b5 Ba4 54. b6
Bd7 55. Bc6 Bxc6 56. Kxc6 Ke6 57. b7 Kf7 58. b8=Q Ke7 59. Qc7+ Ke6 60. Qd6+ Kf7
61. Kd7 Kg7 62. Ke6 Kg6 63. Qe7 Kh5 64. Qh7# 1-0

[Event "Women's Speed Chess Q3"]
[Site "chess.com INT"]
[Date "2021.05.30"]
[Round "9"]
[White "Zuriel, Marisa"]
[Black "Cyfka, Karina"]
[Result "1/2-1/2"]
[WhiteTitle "WIM"]
[BlackTitle "IM"]
[WhiteElo "2203"]
[BlackElo "2415"]
[WhiteFideId "109142"]
[BlackFideId "1122681"]
[EventDate "2021.05.30"]

1. e4 d6 2. d4 Nf6 3. Nc3 Nc6 4. h3 e5 5. d5 Ne7 6. Be3 Ng6 7. Qd2 h6 8. Be2 Be7
9. g4 Nh7 10. Nf3 Ng5 11. O-O-O Nxf3 12. Bxf3 Bg5 13. Kb1 Bd7 14. Be2 Bf4 15.
Bb5 a6 16. Bxd7+ Qxd7 17. Ne2 Bxe3 18. Qxe3 b5 19. f4 exf4 20. Nxf4 Ne5 21. Nh5
f6 22. Rhf1 Rf8 23. Rf5 c5 24. dxc6 Qxc6 25. Nxg7+ Kd7 26. Nh5 Rac8 27. c3 Nc4
28. Qxh6 Kc7 29. Rxf6 Qxe4+ 30. Ka1 Qe2 31. Rb1 Rxf6 32. Qxf6 Kb8 33. Nf4 Qf2
34. Qd4 Qh2 35. Nd5 Rf8 36. Nb6 Kb7 37. Nxc4 bxc4 38. Qd5+ Kc7 39. Qxc4+ Kd7 40.
Qa4+ Kc7 41. Qxa6 Rf2 42. Qa7+ Kc6 43. Qa8+ Kc7 44. Qa3 Rd2 45. Qb3 Qxh3 46.
Qf7+ Kc6 47. Qc4+ Kd7 48. a3 Qg2 49. Qb5+ Kc7 50. Qb3 Qxg4 51. Re1 Re2 52. Qd1
Rxe1 53. Qxe1 Qc4 54. Qe7+ Kc6 55. Qe8+ Kc7 56. Qe7+ Kc6 57. Qe1 Qb3 58. Qd2 Kc7
59. Qh6 Qc2 60. Ka2 Kc6 61. Qg7 Qd1 62. Qd4 Qf1 63. Qb4 Qf7+ 64. b3 Qf2+ 65. Kb1
Qe1+ 66. Kc2 Qe2+ 67. Kc1 Qe1+ 68. Kc2 Qe2+ 69. Kc1 Qe1+ 70. Kc2 1/2-1/2

[Event "Women's Speed Chess Q3"]
[Site "chess.com INT"]
[Date "2021.05.30"]
[Round "9"]
[White "Tarasova, Viktoriya"]
[Black "Tokhirjonova, Gulrukhbegim"]
[Result "0-1"]
[WhiteTitle "WIM"]
[BlackTitle "WGM"]
[WhiteElo "2226"]
[BlackElo "2350"]
[WhiteFideId "4175840"]
[BlackFideId "14203626"]
[EventDate "2021.05.30"]

1. d4 e6 2. c4 d5 3. cxd5 exd5 4. Nc3 c6 5. Qc2 Nf6 6. e3 Be7 7. Bd3 O-O 8. Nf3
h6 9. O-O Nbd7 10. h3 a6 11. Rb1 Re8 12. b4 Nf8 13. a4 Bd7 14. b5 axb5 15. axb5
c5 16. dxc5 Rc8 17. Ne2 Bxc5 18. Qd1 Qb6 19. Ned4 Ne6 20. Bb2 Nxd4 21. Nxd4 Ne4
22. Nf3 Bf5 23. Bd4 Bxd4 24. Bxe4 Bxe4 25. Nxd4 Bxb1 26. Qxb1 Rc4 27. Qf5 Qd6
28. Rd1 g6 29. Qf3 h5 30. g3 Re4 31. Kg2 Qe5 32. Ne2 Rb4 33. Nf4 Rxb5 34. Qe2
Rc5 35. Nd3 Qc7 36. Nxc5 Qxc5 37. Qd3 Re5 38. Qb3 b5 39. Rb1 d4 40. exd4 Qxd4
41. Rc1 Qe4+ 42. Kh2 Rf5 43. Kg1 b4 44. Qb2 Re5 45. Rc8+ Kh7 46. Rc7 Re7 47. Rc8
Qe5 48. Qxe5 Rxe5 49. Rb8 Re4 50. Kg2 Kg7 51. Kf3 Rc4 52. Ke3 Kf6 53. Kd3 Rc3+
54. Kd2 Rf3 55. Ke2 Rb3 56. Rb6+ Kg5 57. Rb7 f5 58. Rb5 Kf6 59. h4 Rb1 60. Rb6+
Ke5 61. Rxg6 b3 62. Rb6 Kd4 63. Kf3 Kc3 64. Kf4 Rf1 65. f3 b2 66. Kxf5 Rxf3+ 67.
Kg5 Rxg3+ 68. Kxh5 Kc2 69. Kh6 Rb3 70. Rc6+ Kd2 71. Rd6+ Ke2 72. Re6+ Kf2 73.
Rf6+ Kg2 74. Rg6+ Kh2 75. h5 b1=Q 76. Kh7 Rb7+ 77. Kh6 Qc1+ 78. Rg5 Rb6+ 79. Kg7
Qxg5+ 80. Kh7 Rh6# 0-1

[Event "Women's Speed Chess Q3"]
[Site "chess.com INT"]
[Date "2021.05.30"]
[Round "9"]
[White "Li, Xueyi"]
[Black "Putri, Regita Desyari"]
[Result "0-1"]
[WhiteTitle "WGM"]
[BlackTitle "WFM"]
[WhiteElo "2328"]
[BlackElo "1897"]
[WhiteFideId "8605912"]
[BlackFideId "7109083"]
[EventDate "2021.05.30"]

1. d4 Nf6 2. g3 e6 3. Bg2 d5 4. Nf3 Be7 5. O-O O-O 6. c4 b6 7. b3 Bb7 8. Bb2 Re8
9. Ne5 Nbd7 10. Nd2 Nf8 11. Rc1 Rc8 12. Qc2 c5 13. dxc5 Bxc5 14. Nd3 Qe7 15. Qb1
Bd6 16. Nf3 dxc4 17. bxc4 Ba6 18. Qa1 Bxc4 19. Rfd1 Bd5 20. a4 Ng6 21. h4 a5 22.
Rxc8 Rxc8 23. Re1 Be4 24. Ng5 Bxg2 25. Kxg2 e5 26. Nh3 Ng4 27. Rc1 Rxc1 28. Qxc1
h6 29. Qc6 e4 30. Ne1 Bc5 31. e3 N4e5 32. Qc8+ Kh7 33. Nc2 Nd3 34. Bd4 Bxd4 35.
Nxd4 Qf6 36. Qb7 Qe5 37. Qxf7 Ne1+ 38. Kf1 Nf3 39. Nxf3 exf3 40. Qxf3 Qa1+ 41.
Kg2 Qxa4 42. h5 Ne7 43. Qf7 Qd7 44. Nf4 Qd6 45. Ne6 Qd5+ 46. f3 Qd2+ 47. Kh3 Nf5
48. Qxf5+ Kg8 49. Qg6 Qd7 50. g4 Qe7 51. Nf4 Qxe3 52. Kg3 Qe1+ 53. Kh3 Qh1+ 54.
Kg3 Qg1+ 55. Ng2 Qd4 56. Qe8+ Kh7 57. Qg6+ Kh8 58. g5 hxg5 59. Qxg5 Qd6+ 60. f4
a4 61. Qf5 Qd3+ 62. Kh2 Qxf5 0-1

[Event "Women's Speed Chess Q3"]
[Site "chess.com INT"]
[Date "2021.05.30"]
[Round "9"]
[White "Mendoza, Shania Mae"]
[Black "Chu, Ruotong"]
[Result "1-0"]
[WhiteTitle "WFM"]
[BlackTitle "WIM"]
[WhiteElo "2158"]
[BlackElo "2207"]
[WhiteFideId "5211158"]
[BlackFideId "8605653"]
[EventDate "2021.05.30"]

1. e4 c5 2. Nf3 e6 3. g3 Nc6 4. Bg2 Nf6 5. d3 d5 6. e5 Nd7 7. Bf4 Qc7 8. Qe2 Nd4
9. Nxd4 cxd4 10. O-O Be7 11. c3 dxc3 12. Nxc3 g5 13. Bd2 Qxe5 14. Qh5 O-O 15.
Rfe1 Qg7 16. Nb5 a6 17. Nc3 Bf6 18. Ne2 Ne5 19. Nc1 h6 20. Bc3 Ng6 21. Bxf6 Qxf6
22. Qxh6 Bd7 23. Nb3 g4 24. d4 Qg7 25. Qg5 Nh8 26. Qh5 f5 27. Nc5 Be8 28. Qh4
Bf7 29. Nxe6 Bxe6 30. Rxe6 Rfe8 31. Bxd5 Rxe6 32. Bxe6+ Kf8 33. Bxf5 Qxd4 34.
Qh6+ Qg7 35. Qd6+ Kg8 36. Be6+ Nf7 37. Re1 Qf6 38. Bxf7+ Qxf7 39. Re7 Qf5 40. h4
Rf8 41. Qd2 Qb1+ 42. Kg2 Qf5 43. Qd4 Qf3+ 44. Kg1 Rf7 45. Re8+ Rf8 46. Re3 Qf5
47. Re7 Qb1+ 48. Kg2 Qg6 49. Qd5+ Kh8 50. Qe5+ Kg8 51. Qe3 Qc6+ 52. Kg1 Qg6 53.
Re6 Qb1+ 54. Kg2 Qf5 55. Re5 Qg6 56. Rg5 Kh7 57. Rxg6 Kxg6 58. h5+ Kxh5 59. Qe7
Rf5 60. Qe4 Kg5 61. Qe3+ Kg6 62. Qe6+ Kg5 63. Qe4 Rc5 64. Qxb7 1-0

[Event "Women's Speed Chess Q3"]
[Site "chess.com INT"]
[Date "2021.05.30"]
[Round "9"]
[White "Nguyen, Hong Anh"]
[Black "Samaganova, Alexandra"]
[Result "0-1"]
[WhiteTitle "WIM"]
[BlackTitle "WFM"]
[WhiteElo "1993"]
[BlackElo "1993"]
[WhiteFideId "12406732"]
[BlackFideId "13800221"]
[EventDate "2021.05.30"]

1. d4 Nf6 2. c4 e6 3. Nf3 b6 4. g3 Bb7 5. Bg2 Be7 6. O-O O-O 7. Nc3 Ne4 8. Qc2
Nxc3 9. Qxc3 Be4 10. Bf4 d6 11. Rfd1 Nd7 12. Qe3 Bb7 13. Rac1 Nf6 14. Qd2 Be4
15. h3 Qc8 16. Nh4 Bxg2 17. Nxg2 Qb7 18. Be3 c5 19. Qc2 Rac8 20. b3 cxd4 21.
Bxd4 d5 22. Qd3 dxc4 23. Rxc4 Rxc4 24. Qxc4 Rc8 25. Qd3 h6 26. Ne3 Qc6 27. Nc4
Qd5 28. Ne3 Qe4 29. Qa6 Qa8 30. Nc4 Nd5 31. Qa4 Qb7 32. Ne5 a6 33. Qd7 Qxd7 34.
Nxd7 b5 35. e4 Nb4 36. a3 Nc2 37. a4 bxa4 38. bxa4 Rc4 39. Be5 Rxa4 40. Nb6 Rb4
41. Nc8 Bc5 42. Rc1 Rc4 43. Bd6 Bxd6 44. Nxd6 Rc6 45. Nb7 Nd4 46. Ra1 Rb6 47.
Nc5 Ne2+ 48. Kf1 Nc3 49. Nxa6 Nxe4 50. Nc7 Rb2 51. Ra8+ Kh7 52. f3 Nxg3+ 53. Ke1
Nf5 54. Kd1 Rb7 55. Ne8 Rd7+ 56. Ke2 Kg6 57. Kf2 Nd4 58. Ke3 Nf5+ 59. Kf2 Rd2+
60. Ke1 Rh2 61. Nc7 Rxh3 62. Nb5 Rxf3 63. Ke2 Re3+ 64. Kf2 Rb3 65. Nd4 Nxd4 0-1

[Event "Women's Speed Chess Q3"]
[Site "chess.com INT"]
[Date "2021.05.30"]
[Round "9"]
[White "Dordzhieva, Dinara"]
[Black "Arpita, Mukherjee"]
[Result "1-0"]
[WhiteTitle "WGM"]
[BlackTitle "WIM"]
[WhiteElo "2334"]
[BlackElo "2206"]
[WhiteFideId "24157570"]
[BlackFideId "5056403"]
[EventDate "2021.05.30"]

1. Nf3 d5 2. c4 Nf6 3. g3 d4 4. Bg2 c5 5. e3 Nc6 6. exd4 cxd4 7. d3 e5 8. O-O
Bd6 9. Re1 O-O 10. Na3 a6 11. Nc2 Bg4 12. Rb1 a5 13. a3 a4 14. h3 Bf5 15. Nh4
Be6 16. Nf3 Re8 17. b4 axb3 18. Rxb3 Qd7 19. Nb4 Nxb4 20. axb4 Bxh3 21. c5 Bxg2
22. Kxg2 Bc7 23. Bg5 Ng4 24. Qc2 f6 25. Bc1 Qd5 26. Qc4 Qxc4 27. dxc4 Rad8 28.
Rd1 f5 29. b5 b6 30. Ba3 Nf6 31. cxb6 Bxb6 32. c5 Ba5 33. b6 Bc3 34. c6 e4 35.
Ne1 Nd5 36. c7 Rc8 37. b7 Rxc7 38. b8=Q Rxb8 39. Rxb8+ Kf7 40. Nc2 d3 41. Ne3
Nxe3+ 42. fxe3 Be5 43. Rd2 Ra7 44. Rb3 Ra6 45. Bb2 Bd6 46. Bc3 g5 47. Rb7+ Kg6
48. Rg7+ Kh6 49. Rd7 f4 50. gxf4 gxf4 51. Kf2 Bc5 52. Bd4 Bb4 53. Rb2 d2 54. Ke2
Ra1 55. Rxd2 Bxd2 56. Bxa1 Bxe3 57. Be5 Bc1 58. Rf7 f3+ 59. Ke1 Kg6 60. Rf8 h5
61. Bf4 Bb2 62. Kf2 Ba3 63. Rh8 Kf5 64. Be3 Kg4 65. Rg8+ Kh3 66. Rg3+ Kh2 67.
Rg5 Bd6 68. Rxh5# 1-0